000 00949cam a22002891a 4500
001 he 66000835
003 DLC
005 20260227111438.0
008 840424s1965 is 000 0 hebr
010 _ahe 66000835
035 _a(OCoLC)19138377
040 _aDLC
_cMH
_dOU
_dDLC
042 _apremarc
050 0 0 _aPJ5054.S59
_bM6
100 1 _aSlutsky, Yehuda,
_d1915-1978.
245 1 3 _aha-Moreh ha-arokh :
_bḤaveri Yashḳah : Sit Miryam /
_cYehudah Salu ; ʻiṭer Yeḥezḳel Ḳimḥi.
260 _aMerḥavyah :
_bSifriyat poʻalim,
_c1965.
300 _a352 p. :
_bill. ;
_c25 cm.
490 1 _aNeʻurim
500 _aImprint on mounted label.
500 _aPrevious editions of Ḥaveri Ysahḳah, published under title: Me-ʻEmeḳ Zevulun ʻad yam Kineret
740 0 _aSit Miryam.
740 0 _aḤaveri Yashḳah.
700 1 _aKimḥi, Yeḥezḳel.
752 _aIsrael
_dMerḥavyah
830 0 _aSifriyat neʻurim.
999 _c31718
_d31718